| 000 | 00747nam a22002057a 4500 | ||
|---|---|---|---|
| 999 |
_c153193 _d153193 |
||
| 005 | 20190104131704.0 | ||
| 010 | _aB-694170 | ||
| 020 | _c500.00 | ||
| 035 | _aB-694170 | ||
| 037 | _bM.B. Books Pvt. Ltd. | ||
| 082 | _a480.00 | ||
| 100 | _aSingh, Ajay K. | ||
| 245 |
_aS.S.C. English: _b(Previous Papers) 2013-2016 / _cSingh, Ajay K. |
||
| 260 |
_aPatna _bM.B. Books Pvt. Ltd. _c2017 |
||
| 270 |
_a3rd Floor, Ramdiri House, Dadiji Lanme, Boring Road, Pana-800001 _bPatna _e800001 |
||
| 300 |
_a528p. _c28cm(pb) |
||
| 490 | _a113 SETS | ||
| 942 |
_2ddc _cEN _h480 _mSIN |
||